Landlocked European Countries Quiz Stats

 Plays Quiz Updated Feb 13, 2019

Support Sporcle.
Go Orange.
Score 0/15 Timer 02:00
14 Plays Today
Area (km2) Country % Correct
83,871Austria
87.1%
41,284Switzerland
87%
0.44Vatican City
85%
2,586Luxembourg
80.7%
78,867Czechia
80.7%
93,028Hungary
78.5%
468Andorra
78.5%
49,035Slovakia
78.1%
Area (km2) Country % Correct
160Liechtenstein
73.8%
61San Marino
68.7%
207,600Belarus
67.7%
88,361Serbia
66.5%
10,908Kosovo
59%
33,846Moldova
58.3%
25,713North Macedonia
57.7%

From the Vault

8 Scenes, 1 Movie! III

by BigAl1994

Movies 10m
This quiz has many layers.
Remove Ads.
Support Sporcle.
Get the best of Sporcle when you Go Orange. This ad-free experience offers more features, more stats, and more fun while also helping to support Sporcle. Thank you for becoming a member.

Show Comments

Extras

Top Quizzes Today


Score Distribution

Your Account Isn't Verified!

In order to create a playlist on Sporcle, you need to verify the email address you used during registration. Go to your Sporcle Settings to finish the process.

Report this User

Report this user for behavior that violates our Community Guidelines.

Details: